000 01853nam a2200469 c 4500
001 52153
003 ES-MaCES
005 20250203133825.0
008 220304s2021 sp 100 | eng d
017 _aM 16436-2021
_bDL
020 _a9788413811901
040 _aES-MaCES
_bspa
_cES-MaCES
245 0 0 _aOIT y América Latina
_b: trabajo y justicia social
_cJosé Eduardo López Ahumada (dir. y coord.) ; Leopoldo Gamarra Vílchez, Fernando Varela Bohórquez (coords.)
250 _a1ª ed
260 _aMadrid [etc.]
_bMarcial Pons
260 _bInstituto Universitario de Investigación en Estudios Latinoamericanos
_c2021
300 _a381 p.
_c24 cm
490 1 _aColección Instituto Universitario de Investigación en Estudios Latinoamericanos
504 _aBibliografía
541 _cCompra
650 4 _atrabajo
_928289
650 4 _afuturo del trabajo
_930756
650 4 _aprotección social
_929076
650 4 _aderecho al trabajo
_929351
650 4 _aderechos de los trabajadores
_929924
650 7 _aderechos sindicales
_929470
650 7 _arelaciones laborales
_928369
650 7 _anegociación colectiva
_928362
650 7 _aactividad normativa de la OIT
_930712
650 7 _aConvenio de la OIT
_929026
650 7 _apapel de la OIT
_929112
650 4 _aAmérica Latina
_926882
650 4 _aestudio de casos
_928846
653 1 0 _aRelaciones laborales-Empleo
700 1 _916821
_aLópez Ahumada, José Eduardo
_edir. y coord.
700 1 _940213
_aGamarra Vílchez, Leopoldo
_ecoord.
700 1 _940214
_aVarela Bohórquez, Fernando
_ecoord.
710 2 _939410
_aInstituto Universitario de Investigación en Estudios Lationoamericanos
_eed.
830 0 _938041
_aColección Instituto Universitario de Investigación en Estudios Latinoamericanos
902 _aLIB Libro
942 _2CES
_cBK
_h2.0.
999 _c52153
_d52153